[Event "CRO-chT3 West"]
[Site "Croatia"]
[Date "2020.10.25"]
[Round "8.4"]
[White "Gasparac, Goran"]
[Black "Fele, Vladimir"]
[Result "1/2-1/2"]
[WhiteElo "1696"]
[BlackElo "1831"]
[PlyCount "47"]
[EventDate "2020.09.12"]
[EventType "team-tourn"]
[EventRounds "9"]
[EventCountry "CRO"]
[SourceTitle "EXT 2022"]
[Source "ChessBase"]
[SourceDate "2021.10.06"]
[SourceVersion "1"]
[SourceVersionDate "2021.10.06"]
[SourceQuality "1"]
[WhiteTeam "Delnice"]
[BlackTeam "Crikvenica"]
[WhiteTeamCountry "CRO"]
[BlackTeamCountry "CRO"]

1. e4 c6 2. d4 d5 3. exd5 cxd5 4. Bd3 Nc6 5. c3 Nf6 6. h3 g6 7. Nf3 Bg7 8. Bf4 0-0 9. 0-0 Re8 10. Re1 Nd7 11. Bb5 Qb6 12. Qb3 a6 13. Bxc6 bxc6 14. Bd6 e6 15. Nbd2 Bf8 16. Bxf8 Rxf8 17. Ne5 Qxb3 18. axb3 Nxe5 19. Rxe5 Re8 20. Nf3 f6 21. Re2 Kf7 22. b4 Re7 23. g4 h6 24. Kg2 1/2-1/2